"Vuestra parroquia es el mundo", Actas y Documentos (Record n. 98283)
[ formato base ]
| 000 -LEADER | |
|---|---|
| fixed length control field | 01483nam a22001817a 4500 |
| 003 - CONTROL NUMBER IDENTIFIER | |
| control field | IT-RoPau |
| 005 - DATE AND TIME OF LATEST TRANSACTION | |
| control field | 20220918181102.0 |
| 008 - FIXED-LENGTH DATA ELEMENTS--GENERAL INFORMATION | |
| fixed length control field | 130325b xxu||||| |||| 00| 0 eng d |
| 040 ## - CATALOGING SOURCE | |
| Transcribing agency | IT-RoPau |
| 100 ## - MAIN ENTRY--PERSONAL NAME | |
| Personal name | VII Capitolo Generale |
| 9 (RLIN) | 501 |
| 245 ## - TITLE STATEMENT | |
| Title | "Vuestra parroquia es el mundo", Actas y Documentos |
| Remainder of title | Actas del VII Capítulo General de la Sociedad de San Pablo |
| 250 ## - EDITION STATEMENT | |
| Edition statement | 1° ed |
| 260 ## - PUBLICATION, DISTRIBUTION, ETC. (IMPRINT) | |
| Place of publication, distribution, etc. | Roma |
| Name of publisher, distributor, etc. | SSP Casa General |
| Date of publication, distribution, etc. | 1998 |
| 300 ## - PHYSICAL DESCRIPTION | |
| Extent | 63 pp. |
| Dimensions | 21 cm |
| 490 ## - SERIES STATEMENT | |
| Series statement | Sociedad de San Pablo |
| Volume/sequential designation | 2° Fascículo |
| 520 ## - SUMMARY, ETC. | |
| Summary, etc. | Indice<br/>Presentación, del P. Pietro Campus, Superior General<br/>Introducción<br/>Participantes y colaboradores<br/>Calendario VII Capítulo Gen. SSP 15 abril-15 mayo 1998<br/>Saludo inicial del Delegado Pontificio y del Superior General <br/>a. Saludo S. Exc Mons. Antonio Buoncristiani<br/>b. Saludo dl P. Silvio Pignotti, Superior General<br/>Esquema del proceso seguido<br/>Syntesis a propósito del Projecto de Dios a nuestro respecto <br/>Syntesis acerca de la Realidad congregacional hoy<br/>Esquema de las cuatro áreas de trabajo<br/>Documentos normativos:<br/>Prioridades, líneas operativas y recomendaciones<br/>Otras deliberaciones del VII Capítulo General<br/>Mensaje del nuevo Superior General<br/>Mensaje de los Capítulares a los Hermanos/Hermanas de la Familia Paulina<br/>Saludo conclusivo del Delegado mons. Antonio Buoncristiani<br/>Audiencia especial con el Santo Padre:<br/>a. Saludo del nuevo Superior General<br/>b. Mensaje del Santo Padre Juan Pablo II a los Capitulares Paulinos |
| 942 ## - ADDED ENTRY ELEMENTS (KOHA) | |
| Source of classification or shelving scheme | Dewey Decimal Classification |
| Koha item type | LIBRO |
| Withdrawn status | Lost status | Source of classification or shelving scheme | Damaged status | Not for loan | Home library | Current library | Date acquired | Total Checkouts | Full call number | Date last seen | Price effective from | Koha item type |
|---|---|---|---|---|---|---|---|---|---|---|---|---|
| Dewey Decimal Classification | Buone Condizioni | Not For Loan | PAULUS-BIBLIOTECA | PAULUS-BIBLIOTECA | 25/03/2013 | P C4 | 25/03/2013 | 25/03/2013 | LIBRO | |||
| Dewey Decimal Classification | Buone Condizioni | Not For Loan | PAULUS-BIBLIOTECA | PAULUS-BIBLIOTECA | 25/03/2013 | P C4 | 25/03/2013 | 25/03/2013 | LIBRO |